000 00349nam a2200133Ia 4500
008 220803s9999 xx 000 0 und d
020 _a9788185026848
041 _aeng
082 _a722.954 NAT
100 _aNatarajan B Ed.
_929949
245 _aCities Of Kerala : Actually Small Towns
260 _aMumbai
_bMarg Publication
_c2008
300 _a160p
999 _c18789
_d18789